Ricostruisci la Carriera del Calciatore - Eliaquim Mangala - Statistics

Statistiche generali
  • Questo quiz è stato fatto 3 volte
  • Il punteggio medio è 2 su 10
Statistiche sulle risposte
Hint Risposta % Corretto
2023- Estoril Praia
100%
2018 Everton
50%
2017-2018 Manchester City
50%
2014-2016 Manchester City
0%
2018-2019 Manchester City
0%
2011-2014 Porto
0%
2022 Saint-Étienne
0%
2008-2011 Standard Liegi
0%
2016-2017 Valencia
0%
2019-2021 Valencia
0%
Nessun quiz corrispondente trovato
Distribuzione punteggi
Percentuale di utenti per punteggio
Percentile per numero di risposta
I tuoi punteggi nel tempo
Non hai fatto questo quiz